[Event "Vitrolles-ch 13th"]
[Site "Vitrolles"]
[Date "2012.12.01"]
[Round "4"]
[White "Estevez, Ange"]
[Black "Tchifteyan, Philippe"]
[Result "0-1"]
[WhiteElo "1628"]
[BlackElo "1650"]
[PlyCount "96"]
[EventDate "2012.03.09"]
[EventType "swiss"]
[EventRounds "9"]
[EventCountry "FRA"]
[SourceTitle "EXT 2014"]
[Source "ChessBase"]
[SourceDate "2013.11.20"]
[SourceVersion "1"]
[SourceVersionDate "2013.11.20"]
[SourceQuality "1"]

1. e4 c5 2. Nf3 Nc6 3. d4 cxd4 4. Nxd4 Nf6 5. Nc3 d6 6. Be2 g6 7. Be3 Bg7 8. Qd2 h5 9. h3 Bd7 10. f4 Bh6 11. Nf3 Qa5 12. Bd3 a6 13. a3 b5 14. 0-0 Qc7 15. Nd5 Nxd5 16. exd5 Na5 17. Bd4 Rg8 18. b3 Nb7 19. b4 Nd8 20. Rfe1 Kf8 21. Ng5 f6 22. Qe3 Bc8 23. Nh7+ Kf7 24. Re2 Rb8 25. Rae1 Rb7 26. g4 hxg4 27. hxg4 Bxg4 28. Rg2 Qd7 29. Qf2 Bf5 30. Bxf5 Qxf5 31. c3 Qxd5 32. Ng5+ Bxg5 33. fxg5 f5 34. Qh4 e5 35. Qh7+ Rg7 36. Qh8 Ne6 37. Be3 Rd7 38. Rh2 Rd8 39. Qh3 f4 40. Rf2 Kg8 41. Rd2 Qc4 42. Bb6 Rdd7 43. Qg4 Nf8 44. Qg2 Rh7 45. Qa8 Qxc3 46. Qd5+ Kh8 47. Bd4 Qg3+ 48. Rg2 Qxe1# 0-1

[Event "Vitrolles-ch 13th"]
[Site "Vitrolles"]
[Date "2012.11.10"]
[Round "3"]
[White "Derien, Robert"]
[Black "Estevez, Ange"]
[Result "1-0"]
[WhiteElo "1699"]
[BlackElo "1628"]
[PlyCount "63"]
[EventDate "2012.03.09"]
[EventType "swiss"]
[EventRounds "9"]
[EventCountry "FRA"]
[SourceTitle "EXT 2014"]
[Source "ChessBase"]
[SourceDate "2013.11.20"]
[SourceVersion "1"]
[SourceVersionDate "2013.11.20"]
[SourceQuality "1"]

1. e4 e5 2. Nf3 Nc6 3. Bc4 Nf6 4. d3 Bc5 5. Nc3 h6 6. a3 0-0 7. 0-0 Re8 8. h3 a6 9. b4 Bf8 10. Bb2 d6 11. Nd5 g5 12. Nh2 Bg7 13. Qf3 Nd4 14. Bxd4 exd4 15. Nxf6+ Qxf6 16. Qh5 Re7 17. Rae1 Be6 18. Bxe6 Qxe6 19. f4 Qg6 20. Qf3 gxf4 21. Qxf4 Be5 22. Qf5 Qxf5 23. Rxf5 Bxh2+ 24. Kxh2 Kh7 25. Ref1 Rf8 26. h4 c6 27. h5 b6 28. Rf6 Rd7 29. R1f5 c5 30. bxc5 bxc5 31. e5 dxe5 32. Rxe5 1-0

[Event "Bouches du Rhone op 0607"]
[Site "Bouches du Rhone"]
[Date "2007.02.03"]
[Round "5"]
[White "Estevez, Ange"]
[Black "Colandrea, Sauveur"]
[Result "0-1"]
[WhiteElo "1780"]
[BlackElo "1904"]
[PlyCount "58"]
[EventDate "2006.10.21"]
[EventType "swiss"]
[EventRounds "9"]
[EventCountry "FRA"]
[SourceTitle "EXT 2008"]
[Source "ChessBase"]
[SourceDate "2007.11.25"]
[SourceVersion "1"]
[SourceVersionDate "2007.11.25"]
[SourceQuality "1"]

1. e4 Nf6 2. e5 Nd5 3. d4 d6 4. Nf3 g6 5. c4 Nb6 6. b3 Bg7 7. Bb2 Nc6 8. Be2 0-0 9. 0-0 a5 10. a4 Nd7 11. exd6 cxd6 12. Qd2 Qb6 13. d5 Nce5 14. Nxe5 Nxe5 15. Nc3 Qxb3 16. Rab1 Nxc4 17. Bxc4 Qxc4 18. Rfc1 Bf5 19. Ne2 Qd3 20. Qe1 Bh6 21. Rd1 Qc4 22. Ra1 Rac8 23. Nd4 Qb4 24. Qe2 Bd7 25. Bc1 Rxc1 26. Raxc1 Bxc1 27. Qxe7 Bxa4 28. Rxc1 Re8 29. Rc8 Qb1+ 0-1

[Event "Bouches du Rhone op 0607"]
[Site "Bouches du Rhone"]
[Date "2006.10.21"]
[Round "1"]
[White "Estevez, Ange"]
[Black "Anton, Jose"]
[Result "0-1"]
[WhiteElo "1780"]
[BlackElo "1977"]
[PlyCount "110"]
[EventDate "2006.10.21"]
[EventType "swiss"]
[EventRounds "9"]
[EventCountry "FRA"]
[SourceTitle "EXT 2008"]
[Source "ChessBase"]
[SourceDate "2007.11.25"]
[SourceVersion "1"]
[SourceVersionDate "2007.11.25"]
[SourceQuality "1"]

1. e4 d5 2. exd5 Nf6 3. c4 e6 4. Nc3 exd5 5. cxd5 Nxd5 6. d4 Be7 7. Nf3 0-0 8. Be2 Nc6 9. 0-0 Be6 10. a3 Re8 11. Bb5 Bg4 12. Bxc6 bxc6 13. Nxd5 cxd5 14. Be3 Bd6 15. h3 Bh5 16. Rc1 Qf6 17. Rc3 a5 18. Bc1 Re4 19. Rd3 Rae8 20. Be3 R8e6 21. Kh1 Qf5 22. Rg1 Bxf3 23. Qxf3 Qxf3 24. gxf3 Rh4 25. Rg4 Rxh3+ 26. Kg2 Rh2+ 27. Kf1 Rh1+ 28. Rg1 Rxg1+ 29. Kxg1 Re8 30. Rb3 Ra8 31. Rb5 c6 32. Rb6 Rc8 33. Ra6 Bc7 34. Bd2 Bd8 35. Bxa5 Bf6 36. Bc3 Kf8 37. Bb4+ Ke8 38. Bc5 Kd7 39. Ra7+ Rc7 40. Rxc7+ Kxc7 41. b3 h5 42. Kg2 Kb7 43. f4 g6 44. Kf3 Bd8 45. Kg2 Bb6 46. b4 Bxc5 47. bxc5 Ka6 48. Kh3 f5 49. Kh4 Kb5 50. Kg5 Kc4 51. Kxg6 h4 52. Kxf5 h3 53. Ke5 h2 54. f5 h1Q 55. f6 Qe4+ 0-1

[Event "Vitrolles Majeur op 0405"]
[Site "Vitrolles"]
[Date "2004.11.27"]
[Round "3"]
[White "Crapon, Laurent"]
[Black "Estevez, Ange"]
[Result "1/2-1/2"]
[WhiteElo "1760"]
[BlackElo "1620"]
[PlyCount "32"]
[EventDate "2004.10.16"]
[EventType "swiss"]
[EventRounds "9"]
[EventCountry "FRA"]
[SourceTitle "EXT 2008"]
[Source "ChessBase"]
[SourceDate "2007.11.25"]
[SourceVersion "1"]
[SourceVersionDate "2007.11.25"]
[SourceQuality "1"]

1. d4 d5 2. c4 e5 3. dxe5 d4 4. Nf3 Nc6 5. e3 Bb4+ 6. Bd2 dxe3 7. fxe3 Bg4 8. Bxb4 Qxd1+ 9. Kxd1 Nxb4 10. Nc3 Ne7 11. a3 0-0-0+ 12. Kc1 Nd3+ 13. Bxd3 Rxd3 14. Re1 Be6 15. c5 Nc6 16. Kc2 Rhd8 1/2-1/2

[Event "Majeur-chT 0001"]
[Site "France"]
[Date "2001.??.??"]
[Round "5"]
[White "Estevez, Ange"]
[Black "Vivian, J."]
[Result "1-0"]
[WhiteElo "1730"]
[BlackElo "1760"]
[PlyCount "57"]
[EventDate "2000.??.??"]
[EventType "team"]
[EventRounds "9"]
[EventCountry "FRA"]
[SourceTitle "EXT 2005"]
[Source "ChessBase"]
[SourceDate "2004.11.15"]
[SourceVersion "1"]
[SourceVersionDate "2004.11.15"]
[SourceQuality "1"]

1. e4 c5 2. d3 g6 3. Nf3 Bg7 4. g3 Nf6 5. Bg2 0-0 6. 0-0 Nc6 7. c3 d5 8. Qc2 d4 9. c4 e5 10. Re1 Bg4 11. Nbd2 Nh5 12. h4 Qc8 13. Nf1 Bd7 14. Bd2 f5 15. exf5 Bxf5 16. Ng5 Nb4 17. Bxb4 cxb4 18. Bd5+ Kh8 19. Nf7+ Rxf7 20. Bxf7 Bh3 21. Bd5 Qd7 22. Bg2 Rf8 23. Bxh3 Qxh3 24. Qe2 Nf6 25. f3 Qf5 26. Rac1 Bh6 27. Rc2 Re8 28. g4 Be3+ 29. Nxe3 1-0

[Event "Provence-ch prom Vitrolles 9900"]
[Site "France"]
[Date "2000.??.??"]
[Round "9"]
[White "Cogno, Sebastien"]
[Black "Estevez, Ange"]
[Result "0-1"]
[WhiteElo "1490"]
[BlackElo "1540"]
[PlyCount "112"]
[EventDate "1999.??.??"]
[EventType "tourn"]
[EventRounds "9"]
[EventCountry "FRA"]
[SourceTitle "EXT 2005"]
[Source "ChessBase"]
[SourceDate "2004.11.15"]
[SourceVersion "1"]
[SourceVersionDate "2004.11.15"]
[SourceQuality "1"]

1. Nf3 d5 2. b3 Bg4 3. e3 e6 4. Bb2 Nf6 5. Be2 Nbd7 6. d3 Bd6 7. Nbd2 0-0 8. 0-0 Qe7 9. a3 a5 10. c4 c6 11. Re1 Rfe8 12. e4 dxe4 13. Nxe4 Nxe4 14. dxe4 Bxf3 15. Bxf3 Be5 16. Qc2 Bxb2 17. Qxb2 Nc5 18. Red1 Rad8 19. Qc2 Rxd1+ 20. Rxd1 Rd8 21. h3 Rxd1+ 22. Qxd1 Qd7 23. Qc2 Qd3 24. Bd1 Qxc2 25. Bxc2 e5 26. f3 Ne6 27. Bd3 c5 28. Kf2 Nd4 29. b4 axb4 30. axb4 cxb4 31. Ke3 b6 32. Kd2 Kf8 33. Kc1 Ke7 34. Kd2 Kd6 35. h4 Kc5 36. Ke3 b3 37. g4 Nc2+ 38. Kd2 Na3 39. Kc3 b2 40. Kxb2 Nxc4+ 41. Kc3 Ne3 42. h5 h6 43. Kd2 Ng2 44. Kc3 Nh4 45. Be2 g6 46. Bc4 gxh5 47. gxh5 f6 48. Be2 Ng2 49. f4 Nxf4 50. Bf3 b5 51. Bd1 b4+ 52. Kb3 Ne6 53. Ka4 Kd4 54. Kxb4 Kxe4 55. Kc3 Kf4 56. Kd3 Kg5 0-1

[Event "Provence-ch prom Vitrolles 9900"]
[Site "France"]
[Date "2000.??.??"]
[Round "8"]
[White "Estevez, Ange"]
[Black "Briquet, Xavier"]
[Result "1/2-1/2"]
[WhiteElo "1540"]
[BlackElo "1400"]
[PlyCount "57"]
[EventDate "1999.??.??"]
[EventType "tourn"]
[EventRounds "9"]
[EventCountry "FRA"]
[SourceTitle "EXT 2005"]
[Source "ChessBase"]
[SourceDate "2004.11.15"]
[SourceVersion "1"]
[SourceVersionDate "2004.11.15"]
[SourceQuality "1"]

1. Nf3 d5 2. e3 Nc6 3. b3 Bd7 4. Bb2 e6 5. d3 Nf6 6. Nbd2 Bd6 7. g3 0-0 8. Bg2 Re8 9. 0-0 e5 10. c4 e4 11. dxe4 dxe4 12. Ng5 Bf5 13. Bxf6 Qxf6 14. Ngxe4 Bxe4 15. Nxe4 Qg6 16. Nxd6 cxd6 17. a3 Rab8 18. Bd5 Ne5 19. e4 Ng4 20. Kg2 Kf8 21. h3 Nf6 22. f3 Nh5 23. g4 Nf4+ 24. Kg3 Qg5 25. Rh1 h5 26. h4 Qe5 27. Kf2 hxg4 28. fxg4 Qb2+ 29. Ke3 1/2-1/2

[Event "Majeur-chT 0001"]
[Site "France"]
[Date "2000.??.??"]
[Round "1"]
[White "Estevez, Ange"]
[Black "Pieri, Thierry"]
[Result "0-1"]
[WhiteElo "1730"]
[BlackElo "2020"]
[PlyCount "65"]
[EventDate "2000.??.??"]
[EventType "team"]
[EventRounds "9"]
[EventCountry "FRA"]
[SourceTitle "EXT 2005"]
[Source "ChessBase"]
[SourceDate "2004.11.15"]
[SourceVersion "1"]
[SourceVersionDate "2004.11.15"]
[SourceQuality "1"]

1. Nf3 d6 2. b3 e5 3. d3 f5 4. e4 Nf6 5. Bg5 Be7 6. Nbd2 h6 7. Bxf6 Bxf6 8. c4 0-0 9. Be2 Qe8 10. 0-0 Na6 11. Rc1 Nc5 12. Qc2 Ne6 13. Rfe1 g5 14. exf5 Nf4 15. Ne4 Bxf5 16. Ng3 Bd7 17. Nd2 g4 18. Nde4 Qf7 19. Bf1 Be7 20. Rcd1 c5 21. Rb1 h5 22. b4 cxb4 23. Rxb4 Bc6 24. Rb2 h4 25. Nh1 Rac8 26. Qd1 Qg6 27. g3 Ne6 28. Be2 Nd4 29. Bxg4 Ba4 30. Rb3 Bxb3 31. axb3 Rc6 32. gxh4 Rf4 33. h3 0-1

[Event "Provence-ch prom Vitrolles 9899"]
[Site "France"]
[Date "1999.??.??"]
[Round "4"]
[White "Estevez, Ange"]
[Black "D'Hamelincourt, Gilbert"]
[Result "0-1"]
[WhiteElo "1610"]
[BlackElo "1640"]
[PlyCount "94"]
[EventDate "1998.??.??"]
[EventType "tourn"]
[EventRounds "9"]
[EventCountry "FRA"]
[SourceTitle "EXT 2005"]
[Source "ChessBase"]
[SourceDate "2004.11.15"]
[SourceVersion "1"]
[SourceVersionDate "2004.11.15"]
[SourceQuality "1"]

1. c4 e5 2. Nc3 Nf6 3. g3 Nc6 4. Bg2 a6 5. e3 Bc5 6. Nge2 d6 7. d4 exd4 8. exd4 Ba7 9. Be3 Bf5 10. a3 h6 11. 0-0 Qc8 12. f3 Qe6 13. Bf2 Qxc4 14. Rc1 Qd3 15. Qxd3 Bxd3 16. Rfe1 0-0-0 17. Bh3+ Kb8 18. Nf4 Bh7 19. d5 Bxf2+ 20. Kxf2 Ne5 21. Bf1 g5 22. Ng2 Bd3 23. Rxe5 Bxf1 24. Re7 Bxg2 25. Kxg2 Rhf8 26. g4 Kc8 27. Kg3 Rde8 28. Rce1 Kd8 29. Rxe8+ Rxe8 30. Rxe8+ Kxe8 31. h4 gxh4+ 32. Kxh4 Kd7 33. f4 c6 34. g5 hxg5+ 35. fxg5 Nxd5 36. Ne4 Ke6 37. Kh5 Nf4+ 38. Kh6 Ng6 39. Kg7 b6 40. Nxd6 Kxd6 41. Kxf7 Ne5+ 42. Kf6 a5 43. Kf5 Kd5 44. Kf4 Kd4 45. Kf5 a4 46. Kf4 c5 47. Kg3 Ke3 0-1

[Event "Provence-ch prom Vitrolles 9900"]
[Site "France"]
[Date "1999.??.??"]
[Round "1"]
[White "Estevez, Ange"]
[Black "Jullien, Patrick"]
[Result "1/2-1/2"]
[WhiteElo "1540"]
[BlackElo "1540"]
[PlyCount "53"]
[EventDate "1999.??.??"]
[EventType "tourn"]
[EventRounds "9"]
[EventCountry "FRA"]
[SourceTitle "EXT 2005"]
[Source "ChessBase"]
[SourceDate "2004.11.15"]
[SourceVersion "1"]
[SourceVersionDate "2004.11.15"]
[SourceQuality "1"]

1. Nf3 Nf6 2. b3 Nc6 3. Bb2 d6 4. d3 e5 5. Nbd2 Be7 6. g3 Be6 7. Bg2 h6 8. c4 0-0 9. a3 a5 10. Qc2 Nd7 11. 0-0 d5 12. cxd5 Bxd5 13. e4 Be6 14. Nc4 Bxc4 15. dxc4 Bf6 16. Rad1 Qe7 17. Rd2 Rfd8 18. Bh3 Nc5 19. Rfd1 Rxd2 20. Rxd2 Rd8 21. Rd5 Rxd5 22. cxd5 Nd4 23. Bxd4 exd4 24. Nd2 d3 25. Qc4 b5 26. Qxb5 Nxe4 27. Qxd3 1/2-1/2

[Event "Provence-ch prom Vitrolles 9899"]
[Site "France"]
[Date "1999.??.??"]
[Round "9"]
[White "Estevez, Ange"]
[Black "Porte, Jacques"]
[Result "1/2-1/2"]
[WhiteElo "1610"]
[BlackElo "1710"]
[PlyCount "106"]
[EventDate "1998.??.??"]
[EventType "tourn"]
[EventRounds "9"]
[EventCountry "FRA"]
[SourceTitle "EXT 2005"]
[Source "ChessBase"]
[SourceDate "2004.11.15"]
[SourceVersion "1"]
[SourceVersionDate "2004.11.15"]
[SourceQuality "1"]

1. c4 e6 2. Nc3 c6 3. g3 Nf6 4. Bg2 d5 5. cxd5 exd5 6. d4 Bb4 7. e3 Bf5 8. Nge2 0-0 9. 0-0 Re8 10. a3 Bd6 11. b4 Nbd7 12. Nf4 Bxf4 13. exf4 a6 14. Na4 Nf8 15. Nc5 b6 16. Nd3 Bxd3 17. Qxd3 Qd7 18. Bb2 b5 19. Rac1 Rac8 20. Rfe1 Rxe1+ 21. Rxe1 Re8 22. Rxe8 Qxe8 23. Qe3 g6 24. Bh3 Qe4 25. Qxe4 Nxe4 26. Bc8 Ne6 27. Bxa6 Nd6 28. f5 gxf5 29. Bc1 Nxd4 30. Be3 Nc2 31. Bc5 Ne4 32. Bb7 Nxc5 33. bxc5 Nd4 34. Kf1 Kg7 35. f4 Kf6 36. Kf2 Ke6 37. Ke3 Nc2+ 38. Kd3 Nxa3 39. Bxc6 b4 40. Ba4 h6 41. Kd4 f6 42. c6 Kd6 43. c7 Kxc7 44. Kxd5 Kd8 45. Ke6 Nc4 46. Kxf6 Nd6 47. Kg6 Ke7 48. Kxh6 Kf6 49. h3 Nf7+ 50. Kh5 Nh8 51. g4 Ng6 52. gxf5 Nxf4+ 53. Kg4 Nxh3 1/2-1/2

[Event "Provence-ch prom Vitrolles 9899"]
[Site "France"]
[Date "1998.??.??"]
[Round "2"]
[White "Estevez, Ange"]
[Black "Gouiran, Serge"]
[Result "1/2-1/2"]
[WhiteElo "1610"]
[BlackElo "1640"]
[PlyCount "88"]
[EventDate "1998.??.??"]
[EventType "tourn"]
[EventRounds "9"]
[EventCountry "FRA"]
[SourceTitle "EXT 2005"]
[Source "ChessBase"]
[SourceDate "2004.11.15"]
[SourceVersion "1"]
[SourceVersionDate "2004.11.15"]
[SourceQuality "1"]

1. c4 e5 2. Nc3 Nc6 3. g3 d6 4. Bg2 Be6 5. b3 g6 6. e3 Qd7 7. d4 exd4 8. exd4 Bg4 9. f3 Bf5 10. Qe2+ Qe7 11. Qxe7+ Ngxe7 12. Nge2 Bg7 13. Be3 0-0 14. 0-0 Bd7 15. Rad1 Nf5 16. Bf2 Rfe8 17. Ne4 a5 18. g4 Nfe7 19. d5 Ne5 20. h3 f6 21. f4 Nf7 22. Bd4 f5 23. Bxg7 Kxg7 24. Nf2 Ng8 25. Nd4 Nd8 26. Rde1 Rxe1 27. Rxe1 Kf7 28. gxf5 gxf5 29. Bf3 Nf6 30. Kh2 a4 31. b4 c6 32. dxc6 bxc6 33. a3 d5 34. cxd5 cxd5 35. Rc1 Rc8 36. Rxc8 Bxc8 37. Nd3 Ke7 38. Nc5 Bd7 39. Nxd7 Kxd7 40. Nxf5 Ne6 41. Kg3 Kc6 42. Ne7+ Kd6 43. Nf5+ Kc6 44. Ne3 Nd4 1/2-1/2

[Event "Provence-ch prom Vitrolles 9899"]
[Site "France"]
[Date "1998.??.??"]
[Round "3"]
[White "La Orden, JC."]
[Black "Estevez, Ange"]
[Result "1-0"]
[WhiteElo "1580"]
[BlackElo "1610"]
[PlyCount "49"]
[EventDate "1998.??.??"]
[EventType "tourn"]
[EventRounds "9"]
[EventCountry "FRA"]
[SourceTitle "EXT 2005"]
[Source "ChessBase"]
[SourceDate "2004.11.15"]
[SourceVersion "1"]
[SourceVersionDate "2004.11.15"]
[SourceQuality "1"]

1. e4 c5 2. Nf3 e6 3. d4 cxd4 4. Nxd4 Nc6 5. Nc3 a6 6. Be2 Nf6 7. 0-0 d6 8. Be3 Be7 9. a3 Qc7 10. Kh1 e5 11. Nb3 0-0 12. Nd5 Nxd5 13. exd5 Nd8 14. f4 exf4 15. Bxf4 f6 16. Bd3 Nf7 17. Nd4 Bd7 18. Qh5 f5 19. Nxf5 Bxf5 20. Bxf5 Nh6 21. Bxh6 Rxf5 22. Qxf5 gxh6 23. Qe6+ Kh8 24. Rf7 Re8 25. Qxh6 1-0